banner-ar

خذ نفسا عميقا / (Record no. 60541)

MARC details
000 -الفاتح
حقل البيانات ثابتة الطول 01190nam a2200325 4500
005 - وقت وتاريخ اخر تعامل مع التسجيلة
رقم الضبط 20240530110415.0
008 - عناصر البيانات ثابتة الطول - معلومات عامة
حقل البيانات ثابتة الطول 150303s2005 su od a 000 0 ara d
017 ## - رقم الايداع القانونى
رقم الايداع القانونى 4625/1426
المصدر ( الهيئة المختصة) السعودية . مكتبة الملك فهد
020 ## - الرقم الدولى المعيارى للكتب
الرقم الدولى المعيارى للكتاب 9960407934
040 ## - مصدر الفهرسة
وكالة الفهرسة الأصلية EG-CaGPL
041 0# - رمز اللغة
رمز لغة النص/ المسارات الصوتية أو العنوان الانفرادي ara
082 04 - رقم تصنيف ديوى العشرى
رقم الطبعة 21
رقم التصنيف 612
رقم المادة ط/ج ج
100 1# - المدخل الرئيسى - إسم شخصى
الإسم الشخصى جانيرى ، انيتا
الشكل الأكمل للاسم انيتا جانيرى
245 10 - بيان العنوان
العنوان خذ نفسا عميقا /
بيان المسئوليه,etc تاليف انيتا جانيرى ؛ ترجمة مركز التعريب والترجمة بمكتبة العبيكان
250 ## - بيان الطبعة
بيان الطبعة ط1
260 ## - PUBLICATION, DISTRIBUTION, ETC. (IMPRINT)
تاريخ النشر أو التوزيع 2005
300 ## - الوصف المادى
التعداد 23 ص :
تفاصيل ماديه اخرى للوعاء ايض ؛
أبعاد الوعاء 32 سم
490 0# - بيان السلسلة
عنوان السلسلة جسم الانسان
650 04 - المدخل الاضافى بالموضوع-مصطلح موضوعى
مصطلح موضوعي جسم الانسان
650 04 - المدخل الاضافى بالموضوع-مصطلح موضوعى
مصطلح موضوعي الاطفال
التقسيم الفرعي العام تعليم
650 04 - المدخل الاضافى بالموضوع-مصطلح موضوعى
مصطلح موضوعي التنفس
650 04 - المدخل الاضافى بالموضوع-مصطلح موضوعى
مصطلح موضوعي التنفس
التقسيم الفرعي العام تمرينات
650 04 - المدخل الاضافى بالموضوع-مصطلح موضوعى
مصطلح موضوعي الزفير
650 04 - المدخل الاضافى بالموضوع-مصطلح موضوعى
مصطلح موضوعي الشهيق
650 04 - المدخل الاضافى بالموضوع-مصطلح موضوعى
مصطلح موضوعي الرئتان
650 04 - المدخل الاضافى بالموضوع-مصطلح موضوعى
مصطلح موضوعي الجهاز التنفسى
710 ## - المدخل الاضافى - اسم هيئه
اسم الهيئة أو اسم السلطة كمدخل مركز التعريب والترجمة بمكتبة العبيكان
الدور مترجم
942 ## - عناصر المدخل الإضافي( كوها)
مصدر التصنيف او مخطط الترفيف Dewey Decimal Classification
Koha [default] item type كتاب
260 ## - PUBLICATION, DISTRIBUTION, ETC. (IMPRINT)
-- السعودية :
-- مكتبة العبيكان ،
Holdings
حالة التراجع حالة الفقد حالة تلف ليس للاعارة المكان المؤقت الموقع الحالى تاريخ الاكتساب اجمالي اﻻعارات رقم الطلب الباركود تاريخ اخر مشاهدة تاريخ تفعيل السعر نوع وعاء كوها
        مكتبة القاهرة الكبرى مكتبة القاهرة الكبرى 03/03/2015   612 ط/ج ج 159635 03/03/2015 03/03/2015 كتاب

Powered By

EGPV